Statistics for Biggest Cities in North Africa

Click here to take the quiz!

General Stats

  • This quiz has been taken 479 times
  • The average score is 13 of 24

Answer Stats

PopulationCity% Correct
20.9mCairo
99%
2.77mAlgiers
96%
5.28mAlexandria
95%
3.75mCasablanca
95%
1.89mRabat
94%
1.17mTripoli
94%
2.37mTunis
94%
1.22mFes
78%
1mMarrakech
76%
824kBenghazi
61%
899kOran
61%
1.2mTangier
60%
737kPort Said
44%
638kSuez
40%
1.32mNouakchott
38%
630kSfax
38%
924kAgadir
35%
554kMeknes
17%
559kOujda
12%
881kMisrata
10%
556kMansoura
6%
501kTanta
5%
518kEl Mahalla El Kubra
3%
503kDjelfa
2%

Score Distribution

Percentile by Number Answered

Percent of People with Each Score

Your Score History

You have not taken this quiz